Ekonomická globalizácia sveta prináša významné zmeny vo využívaní produktívnych faktorov
Hodnotenie základných zmien v ekonomickom vývoji globálneho svetového hospodárstva na začiatku 21. storočia. Prezentácia súčasných trendov v stále efektívnejšom využívaní produktívnych faktorov - kapitálu (jeho zásadne globálny charakter, významný rast, všeobecná dostupnosť a efektivita), práce (jej...
Salvato in:
| Autore principale: | |
|---|---|
| Natura: | Capitolo di libro |
| Lingua: | slovacco |
| Soggetti: | |
| Tags: |
Nessun Tag, puoi essere il primo ad aggiungerne!!
|
MARC
| LEADER | 00000naa$a2200000$$$4500 | ||
|---|---|---|---|
| 001 | 0063107 | ||
| 005 | 20240502071724.4 | ||
| 041 | 0 | |a slo | |
| 044 | |a SK | ||
| 245 | 1 | 0 | |a Ekonomická globalizácia sveta prináša významné zmeny vo využívaní produktívnych faktorov |c Víťazoslav Balhar |
| 520 | |a Hodnotenie základných zmien v ekonomickom vývoji globálneho svetového hospodárstva na začiatku 21. storočia. Prezentácia súčasných trendov v stále efektívnejšom využívaní produktívnych faktorov - kapitálu (jeho zásadne globálny charakter, významný rast, všeobecná dostupnosť a efektivita), práce (jej zmeny vo využívaní globálnej ekonomiky, jej zásadne nové členenie na vysoko kvalifikovanú a celkovo málo kvalifikovanú pri súčasnom poklese jej vzácnosti), pôdy (jej narastajúci pokles kvality, celkové ohrozenie zdravého životného prostredia až nebezpečenstvo zmeny klímy Zeme. Žiadúce opatrenia v smere pozitívnych riešení. | ||
| 610 | 2 | 0 | |a hospodárstvo svetové |
| 610 | 2 | 0 | |a globalizácia hospodárstva |
| 610 | 2 | 0 | |a faktory rastu hospodárskeho |
| 610 | 2 | 0 | |a kapitál |
| 610 | 2 | 0 | |a práca |
| 610 | 2 | 0 | |a pôda |
| 100 | 1 | |a Balhar, Víťazoslav | |